000 00876nam a2200289 a 4500
001 73825
003 BD-RjUL
005 20211209082442.0
008 170612s1979 iaua 001 0 eng d
035 _a(BD-RjUL)74043
040 _aRochester. Univ. Libr.
_cDLC
_dBD-RjUL
_beng
041 _aeng
082 _a579.4
_bJAH 1979
_223
100 1 _aJahn, Theodore Louis,
_d1905-
_940361
245 1 0 _aHow to know the Protozoa /
_cTheodore Louis Jahn and Francis Floed Jahn.
250 _a2nd ed.
260 _aDubuque :
_bW. C. Brown ,
_cc1979.
300 _axi, 279 p. :
_bIll. ;
_c23 cm
490 0 _aPictured-key nature series
504 _aIncludes index
650 0 _aProtozoa.
_940362
700 _a Bovee, Eugene Cleveland
_9218600
700 _aJahn, Frances Floed
_9218601
830 _aPictured-key nature series
_9218603
942 _2ddc
_cBK
999 _c73825
_d73825